La Casa de la Ciudad y el Palacio de San Jorge /
Descripción Física:
Il·lustracions
Colección:
San Jorge,
; núm. 13 (gener 1954), pàg 73-80
Materias:
Barcelona (Catalunya : Província). -- Diputació -- Història
; Palau de la Generalitat de Catalunya -- Història
; Casa de la Ciutat de Barcelona -- Història
Idioma:
Español
MARC
| LEADER | 00000naa a2200000 a 4500 | ||
|---|---|---|---|
| 003 | Arxiu | ||
| 005 | 20260324181047.0 | ||
| 008 | 160829s1954 spcaxx s spa c | ||
| 040 | |a agdb | ||
| 100 | 1 | |a Verrié, F.-P. |q (Frederic-Pau), |d 1920-2017 |9 29681 | |
| 245 | 1 | 3 | |a La Casa de la Ciudad y el Palacio de San Jorge / |c por F. P. Verrié ; fotos R. Dimas, J. Estorch |
| 300 | |b Il·lustracions | ||
| 490 | |a San Jorge, |v núm. 13 (gener 1954), pàg 73-80 | ||
| 590 | |a Fotografies de: Dimas, Ramon ; Estorch Salamó, Joan. ; Desconocido | ||
| 610 | 0 | |a Barcelona (Catalunya : Província). |b Diputació |x Història |9 10583 | |
| 610 | 2 | 0 | |a Palau de la Generalitat de Catalunya |x Història |9 54640 |
| 610 | 2 | 0 | |a Casa de la Ciutat de Barcelona |x Història |9 54894 |
| 700 | 1 | |9 54761 |a Dimas, Ramón |e fotografies | |
| 700 | 1 | |9 54895 |a Estorch, Joan |e fotografies | |
| 773 | |g Núm. 13 (gener 1954), pàg 73-80 |t San Jorge. | ||
| 901 | |a Arxiu | ||
| 942 | |n 1 |2 udc |c ART | ||
| 952 | |0 0 |1 0 |4 0 |6 REV509 |7 1 |9 64749 |a Arxiu |b Arxiu |d 2022-12-12 |l 0 |o Rev-509 |r 2022-12-12 00:00:00 |w 2022-12-12 |y ARXIU |z També disponible a Rev-523 | ||
| 999 | |c 52197 |d 52197 | ||